Theoretical foundations of learning environments
Saved in:
| Other Authors: | , |
|---|---|
| Format: | Book |
| Language: | English |
| Published: |
New York :
Routledge,
2012.
|
| Edition: | 2η εκδ. |
| Subjects: | |
| Tags: |
Add Tag
No Tags, Be the first to tag this record!
|
MARC
| LEADER | 00000nam a2200000 a 4500 | ||
|---|---|---|---|
| 001 | 1/111344 | ||
| 008 | 160712s2012####nyu| ||| |||| ||eng|| | ||
| 020 | |a 9780415894227 | ||
| 040 | |a GR-MyUa |b gre |c GR-MyUa |e AACR2 | ||
| 041 | 0 | |a eng | |
| 082 | 7 | |a 370.1523 |2 (23) | |
| 245 | 1 | 0 | |a Theoretical foundations of learning environments / |c edited by David Jonassen and Susan Land. |
| 250 | |a 2η εκδ. | ||
| 260 | |a New York : |b Routledge, |c 2012. | ||
| 300 | |a x, 350 σ. : |b σχέδια ; |c 24 εκ. | ||
| 504 | |a Περιέχει βιβλιογραφικές αναφορές και ευρετήριο. | ||
| 650 | 0 | |a Learning, Psychology of | |
| 650 | 0 | |a Cognition | |
| 650 | 0 | |a Learning | |
| 700 | 1 | |a Jonassen, David H. |d 1947- |e edt | |
| 700 | 1 | |a Land, Susan M. |e edt | |
| 852 | |a INST |b SAMOS |e 20160712 |h 370.1523 THE |p 005300043694 |q 005300043694 |t BK |y 0 | ||
| 922 | |a 3ΕΛΗ |b 201605 |c Τμήμα Μαθηματικών |d Διαδρομές | ||
| 970 | |a Κοσιέρης |b Χρήστος |z 12-07-2016 | ||